000 00496nam a2200193 a 4500
001 1767073668191
003 YourLibrary
005 20251230111909.0
008 251230s1998##################000#0#eng##
020 _a9780080431505
082 0 4 _a616.89
_bBEL
100 1 _aBellack, A.S.,
_eauthor.
245 1 0 _aComprehensive Clinical Psychology :
260 _bPergamon,
_c1998.
300 _a608 pages
650 0 _aPsychology.
942 _cENGLISH
040 _aYourLibrary
_beng
_cYourLibrary
999 _c606002
_d606002